=LDR 00000nam 2200000 4500 =001 INLIS000000000809896 =005 20260414022221 =035 ##$$a 0010-0925000021 =008 260414###########################0#ind## =245 1#$$a Hikmah Dibalik Musibah Dan Ruqyah Syar'Iyyah =260 ##$:$b Pustaka Imam Syafi'i =084 ##$$a 297.61 YAZ h =082 ##$$a 297.61 =100 #$$a Yazid bin Abdul Qadir Jawas